<?xml version="1.0" encoding="UTF-8"?>
<record
    xmlns:xsi="http://www.w3.org/2001/XMLSchema-instance"
    xsi:schemaLocation="http://www.loc.gov/MARC21/slim http://www.loc.gov/standards/marcxml/schema/MARC21slim.xsd"
    xmlns="http://www.loc.gov/MARC21/slim">

  <leader>05759nam a2200421 a 4500</leader>
  <controlfield tag="003">CHAP</controlfield>
  <controlfield tag="005">20240531131256.0</controlfield>
  <controlfield tag="006">a||||fo|||| 00| 0</controlfield>
  <controlfield tag="007">ta</controlfield>
  <controlfield tag="008">230911s2022    mx abdofom||| 001 0 spa d</controlfield>
  <datafield tag="040" ind1=" " ind2=" ">
    <subfield code="e">rda</subfield>
  </datafield>
  <datafield tag="041" ind1=" " ind2=" ">
    <subfield code="a">spa</subfield>
    <subfield code="b">eng</subfield>
  </datafield>
  <datafield tag="100" ind1="1" ind2=" ">
    <subfield code="9">187923</subfield>
    <subfield code="a">Bernal D&#xED;az, Dalia</subfield>
  </datafield>
  <datafield tag="240" ind1="1" ind2="0">
    <subfield code="a">Current situation and perspectives of the production and merchantability of nopal (Opuntia &#x2013; Ficus indica) in the state of Mexico.</subfield>
    <subfield code="l">Espa&#xF1;ol</subfield>
  </datafield>
  <datafield tag="245" ind1="1" ind2="0">
    <subfield code="a">Situaci&#xF3;n actual y perspectivas de la producci&#xF3;n y comercializaci&#xF3;n de nopal (Opuntia &#x2013; Ficus indica) en el estado de M&#xE9;xico / </subfield>
    <subfield code="c">Dalia Bernal D&#xED;az</subfield>
  </datafield>
  <datafield tag="264" ind1=" " ind2=" ">
    <subfield code="a">Chapingo, M&#xE9;xico :</subfield>
    <subfield code="b">El autor,</subfield>
    <subfield code="c">2022</subfield>
  </datafield>
  <datafield tag="300" ind1=" " ind2=" ">
    <subfield code="a">1 recurso en l&#xED;nea (xiv, 89 p&#xE1;ginas) :</subfield>
    <subfield code="b">ilustraciones, mapas, gr&#xE1;ficas, tablas, fotos</subfield>
  </datafield>
  <datafield tag="336" ind1=" " ind2=" ">
    <subfield code="2">rdacontent</subfield>
    <subfield code="a">texto</subfield>
    <subfield code="b">txt</subfield>
  </datafield>
  <datafield tag="337" ind1=" " ind2=" ">
    <subfield code="2">rdamedia</subfield>
    <subfield code="a">computadora</subfield>
    <subfield code="b">c</subfield>
  </datafield>
  <datafield tag="338" ind1=" " ind2=" ">
    <subfield code="2">rdacarrier</subfield>
    <subfield code="a">recurso en l&#xED;nea</subfield>
    <subfield code="b">cr</subfield>
  </datafield>
  <datafield tag="502" ind1=" " ind2=" ">
    <subfield code="a">Tesis</subfield>
    <subfield code="b">IA</subfield>
    <subfield code="c">Agroindustrias</subfield>
    <subfield code="d">2022</subfield>
    <subfield code="g">LIC</subfield>
  </datafield>
  <datafield tag="504" ind1=" " ind2=" ">
    <subfield code="a">Bibliograf&#xED;a: p&#xE1;ginas 65-69</subfield>
  </datafield>
  <datafield tag="520" ind1="3" ind2=" ">
    <subfield code="a">En M&#xE9;xico existen m&#xE1;s de 300 variedades de nopal, todas ellas son comestibles, pero dadas las propiedades de cada variedad sus usos difieren. El nopal es un producto que por sus caracter&#xED;sticas permite elaborar una gama amplia de productos en distintas ramas de la industria y ser un producto con alta demanda tanto a nivel nacional como internacional. Aunado a lo anterior, no hay una claridad de c&#xF3;mo est&#xE1;n organizados los participantes tanto en la producci&#xF3;n, procesamiento y comercializaci&#xF3;n de nopal. Aun siendo el nopal un vegetal de suma importancia para la alimentaci&#xF3;n y tambi&#xE9;n es un s&#xED;mbolo de identidad mexicana, en la actualidad existen varias necesidades por parte de los productores tales como adquisici&#xF3;n de abono, capacitaciones para la mejora del sistema de producci&#xF3;n y comercializaci&#xF3;n, equipamiento e infraestructura para el proceso productivo, entre otras m&#xE1;s. Ser&#xE1; posible que al incrementar asesor&#xED;as t&#xE9;cnicas se logre mejorar la producci&#xF3;n de este sector, y gracias a esto exista un incremento de los ingresos de las familias que se dedican a esta actividad. En este trabajo se identific&#xF3; la situaci&#xF3;n actual y perspectivas de producci&#xF3;n y comercializaci&#xF3;n del nopal verdura (Opuntia ficus indica) en algunos municipios del Estado de M&#xE9;xico, analizando la problem&#xE1;tica a las que se enfrentan los productores para llevar a cabo la producci&#xF3;n y las crecientes oportunidades para la comercializaci&#xF3;n del nopal en sus diferentes presentaciones existentes en el mercado. Tambi&#xE9;n se especific&#xF3; la existencia de apoyos gubernamentales a este sector, programas integrales de industrializaci&#xF3;n de los productos, se identificaron las v&#xED;as de comercializaci&#xF3;n, uso inadecuado o excesivo de plaguicidas en el cultivo e influencia del intermediarismo con  respecto al precio. El nopal es un producto que ha avanzado de manera extraordinaria, en los &#xFA;ltimos a&#xF1;os ha tenido una mayor evoluci&#xF3;n, pero a&#xFA;n falta por darlo a conocer en su totalidad, con respecto a sus propiedades y cualidades que tiene.</subfield>
  </datafield>
  <datafield tag="520" ind1="3" ind2=" ">
    <subfield code="a">In Mexico there are more than 300 varieties of nopal, all of them are edible, but given the properties of each variety their uses differ. The nopal is a product that by its characteristics allows to produce a wide range of products in different branches of the industry and to be a product with high demand the nationally and internationally. In addition to the above, there is no clarity of how participants are organized in both the production, processing and marketing of nopal. While the nopal is a plant of the utmost importance for food and is also a symbol of Mexican identity, there are currently several needs on the part of producers such as compost acquisition, training scans for the improvement of the production and marketing, equipment and infrastructure for the production process, among others. It will be possible that by increasing technical advice, the production of this sector will be improved, and thanks to this there is an increase in the income of the families engaged in this activity. This work aims to identify the current situation and prospects for the production and marketing of vegetable nopal (Opuntia ficus indica) in some municipalities of the State of Mexico, analyzing the problems faced by producers in order to carry out production and increasing opportunities for the commercialization of nopal in its different presentations in the market. It will also specify whether there are government supports to this sector, comprehensive product industrialization programmes, identify in routes of marketing, inadequate or excessive use of pesticides in cultivation and influence of intermediary regarding the price. The nopal is a product that has advanced in an extraordinary way, in recent years has had a great revolution, but still needs to make it known in its entirety, with regard to its properties and qualities that it has.</subfield>
  </datafield>
  <datafield tag="650" ind1="1" ind2="3">
    <subfield code="9">83389</subfield>
    <subfield code="a">Opuntia ficus-indica</subfield>
    <subfield code="x">Variedades</subfield>
  </datafield>
  <datafield tag="650" ind1="1" ind2="3">
    <subfield code="9">83389</subfield>
    <subfield code="a">Opuntia ficus-indica</subfield>
    <subfield code="x">Industria y comercio</subfield>
    <subfield code="z">M&#xE9;xico </subfield>
  </datafield>
  <datafield tag="650" ind1="1" ind2="3">
    <subfield code="9">187949</subfield>
    <subfield code="a">Capacitaci&#xF3;n t&#xE9;cnica</subfield>
  </datafield>
  <datafield tag="650" ind1="1" ind2="3">
    <subfield code="9">157823</subfield>
    <subfield code="a">Comercializaci&#xF3;n de alimentos  </subfield>
  </datafield>
  <datafield tag="650" ind1="1" ind2="7">
    <subfield code="9">83389</subfield>
    <subfield code="a">Opuntia ficus-indica</subfield>
    <subfield code="x">Varieties</subfield>
  </datafield>
  <datafield tag="650" ind1="1" ind2="7">
    <subfield code="9">83389</subfield>
    <subfield code="a">Opuntia ficus-indica</subfield>
    <subfield code="x">Trade and manufacture</subfield>
    <subfield code="z">M&#xE9;xico</subfield>
  </datafield>
  <datafield tag="650" ind1="1" ind2="3">
    <subfield code="9">187950</subfield>
    <subfield code="a">Technical training</subfield>
  </datafield>
  <datafield tag="650" ind1="1" ind2="3">
    <subfield code="9">156883</subfield>
    <subfield code="a">Food marketing</subfield>
  </datafield>
  <datafield tag="700" ind1="1" ind2=" ">
    <subfield code="9">147338</subfield>
    <subfield code="a">Reyna Izaguirre, Diana Am&#xE9;rica</subfield>
    <subfield code="e">directora</subfield>
  </datafield>
  <datafield tag="700" ind1="1" ind2=" ">
    <subfield code="9">148600</subfield>
    <subfield code="a">Mart&#xED;nez Mosqueda, Francisco</subfield>
    <subfield code="e">asesor</subfield>
  </datafield>
  <datafield tag="700" ind1="1" ind2=" ">
    <subfield code="9">154340</subfield>
    <subfield code="a">Esparza Torres, F&#xE9;lix</subfield>
    <subfield code="e">asesor</subfield>
  </datafield>
  <datafield tag="856" ind1="4" ind2="0">
    <subfield code="y">DESCARGAR PDF</subfield>
    <subfield code="u">http://10.13.5.2/tesis/tl/1410252-3_BERNAL_DIAZ_DALIA.pdf</subfield>
  </datafield>
  <datafield tag="942" ind1=" " ind2=" ">
    <subfield code="2">Clasificaci&#xF3;n Universidad Aut&#xF3;noma Chapingo</subfield>
    <subfield code="c">TD</subfield>
  </datafield>
  <datafield tag="999" ind1=" " ind2=" ">
    <subfield code="c">219143</subfield>
    <subfield code="d">219143</subfield>
  </datafield>
  <datafield tag="952" ind1=" " ind2=" ">
    <subfield code="0">0</subfield>
    <subfield code="1">0</subfield>
    <subfield code="2">local</subfield>
    <subfield code="4">0</subfield>
    <subfield code="7">0</subfield>
    <subfield code="8">TesDigL</subfield>
    <subfield code="a">IA_</subfield>
    <subfield code="b">IA_</subfield>
    <subfield code="c">E_L</subfield>
    <subfield code="d">2023-09-11</subfield>
    <subfield code="e">El autor</subfield>
    <subfield code="l">0</subfield>
    <subfield code="p">1201013768</subfield>
    <subfield code="r">2023-09-11 00:00:00</subfield>
    <subfield code="w">2023-09-11</subfield>
    <subfield code="y">TD</subfield>
  </datafield>
  <datafield tag="952" ind1=" " ind2=" ">
    <subfield code="0">0</subfield>
    <subfield code="1">0</subfield>
    <subfield code="2">local</subfield>
    <subfield code="4">0</subfield>
    <subfield code="5">1</subfield>
    <subfield code="7">0</subfield>
    <subfield code="8">TesDigL</subfield>
    <subfield code="a">BD</subfield>
    <subfield code="b">BD</subfield>
    <subfield code="c">E_L</subfield>
    <subfield code="d">2024-02-02</subfield>
    <subfield code="l">0</subfield>
    <subfield code="o">Tesis digital</subfield>
    <subfield code="r">2024-02-02 00:00:00</subfield>
    <subfield code="w">2024-02-02</subfield>
    <subfield code="y">TD</subfield>
  </datafield>
</record>
